000 00927nam a2200217Ia 4500
003 Ost
005 20260507075107.0
008 260507s9999||||xx |||||||||||||| ||und||
040 _cfsecg
041 _aara
082 _a330
100 _aمراد، عبد الفتاح
_eمؤلف
245 0 _aشرح العقود التجارية والمدنية /
_c عبد الفتاح مراد
260 _aالإسكندرية:
_bدار الكتب والوثائق المصرية,
_c[دون تاريخ]
300 _a891 صفحة؛
_bإيضاحات ؛
_c24 سم
520 _aالقانون الجنائي- القانون المدني- القانون الدولي العام والتجارة الدولية- القانون التجاري والبحري والإستثمار والضرائب.
653 _aالعقود
653 _aالعقود التجارية
653 _aالقانون التجاري
942 _cكتاب
999 _c42826
_d42826